000 00466nam a2200193Ia 4500
005 20250423101608.0
008 250422s9999 xx 000 0 und d
020 _a0122148517
050 _aHB 615 .U55/
100 _aEdited by Peter Diamond
245 0 _aUncertainity in economics
250 _arev. ed.
260 _aLondon
260 _bAcademic Press Inc.
260 _c1989
300 _a586 p
650 _a Uncertainty. Risk.
942 _cBK
999 _c36711
_d36711